Puebla de las mujeres, El genio alegre

Salvato in:
Dettagli Bibliografici
Autore principale: Alvarez Quintero, Serafín y Joaquín
Natura: Libro
Lingua:Undetermined
Pubblicazione: Buenos Aires, Argentina Espasa-Calpe 1952
Edizione:6
Soggetti:
Tags: Aggiungi Tag
Nessun Tag, puoi essere il primo ad aggiungerne!!

MARC

LEADER 00000nam a2200000Ia 4500
008 170316s9999 xx 000 0 und d
040 |a cru BVZT 
090 |a 862 A-24p 
100 |a Alvarez Quintero, Serafín y Joaquín 
245 |a Puebla de las mujeres, El genio alegre 
250 |a 6 
260 |a Buenos Aires, Argentina 
260 |b Espasa-Calpe 
260 |c 1952 
300 |a 161 páginas 
650 |a LITERATURA ESPAÑOLA 
999 |c 9397  |d 9397 
942 |c 15 D  |h 862 A-24p  |2 z